Biggest Cities Not in the 20 Largest Countries - Statistics

General Stats
  • This quiz has been taken 926 times
  • The average score is 16 of 20
Answer Stats
Population Region City % Correct
40.2 mil Eastern Asia Tokyo
95%
20.5 mil Northern Africa Cairo
91%
14.7 mil Western Europe London
91%
11.4 mil Western Europe Paris
90%
24.7 mil Eastern Asia Seoul
89%
18.3 mil Southeast Asia Bangkok
87%
25.2 mil Eastern Asia Manila
84%
13.7 mil Southern Africa Johannesburg
82%
18.8 mil Western Africa Lagos
82%
17.7 mil Eastern Asia Osaka
81%
9.80 mil South America Bogotá
80%
15.8 mil Middle East Istanbul
80%
8.60 mil Southeast Asia Ho Chi Minh City
79%
8.70 mil Southeast Asia Kuala Lumpur
77%
9.10 mil Eastern Asia Taipei
76%
17.3 mil Central Asia Karachi
74%
19.5 mil Central Asia Dhaka
72%
12.6 mil Central Asia Lahore
67%
7.90 mil Southern Africa Luanda
63%
10.5 mil Eastern Asia Nagoya
61%
No matching quizzes found
Score Distribution
Percent of People with Each Score
Percentile by Number Answered
Your Score History
You have not taken this quiz